Dikkat insan çıkabilir ! / (Record no. 23516)

MARC details
000 -BAŞLIK
Sabit Uzunluktaki Kontrol Alanı 00663nam a22001937a 4500
003 - KONTROL NUMARASI KİMLİĞİ
Kontrol Alanı koha_MIRAKIL
005 - EN SON İŞLEM TARİHİ ve ZAMANI
Kontrol Alanı 20260417131740.0
008 - SABİT UZUNLUKTAKİ VERİ ÖGELERİ - GENEL BİLGİ
Sabit Alan 260417b tur||||| |||| 00| 0 tur d
020 ## - ISBN - ULUSLARARASI STANDART KİTAP NUMARASI
Isbn 9786256915572
040 ## - KATALOGLAMA KAYNAĞI
Özgün Kataloglama Kurumu TR-IsEVY
Kataloglama Dili tur
Çeviri Kurumu TR-IsEVY
082 ## - DEWEY ONU SINIFLAMA SİSTEMİ
Sınıflama Numarası FIC ÇET/D
100 ## - KİŞİ ADI
Yazar Adı (Kişi adı) Çetinel, Füsun
245 #0 - ESER ADI BİLDİRİMİ
Başlık Dikkat insan çıkabilir ! /
Sorumluluk Bildirimi Füsun Çetinel ; resimleyen Cansu Dinç.
260 ## - YAYIN, DAĞITIM, VB.
Yayın Yeri İstanbul :
Yayınevi Günışığı Kitaplığı,
Yayın Tarihi 2025.
300 ## - FİZİKSEL TANIMLAMA
Sayfa, Cilt vb. 35 s. :
Diğer fiziki detaylar renkli resimli ;
Boyutları 23 cm.
650 ## - KONU BAŞLIĞI EK GİRİŞ - KONU TERİMİ
Konusal terim veya coğrafi ad Çocuk Edebiyatı.
Alt başlık biçimi Resimli Kitaplar.
-- Çevre Kirliliği.
-- Mevsimler.
-- Kış Uykusu.
700 1# - EK GİRİŞ - KİŞİ ADI
Yazar Adı (Kişi adı) Dinç, Cansu.
Ünvan resimleyen.
942 ## - EK GİRİŞ ÖGELERİ (KOHA)
Source of classification or shelving scheme Dewey Decimal Classification
Koha item type Kitap
Holdings
Kayıp Durumu Sınıflandırma Kaynağı Hasarlı Durumu Koleksiyon Kodu Kalıcı Konum Mevcut Konum Kayıt Tarih Edinim Kaynağı Toplam Ödünçverme Yer Numarası Demirbaş Numarası Son Görülme Tarihi Fatura Tarihi Materyal Türü
  Dewey Decimal Classification   İlkokul İLKOKUL KÜTÜPHANESİ İLKOKUL KÜTÜPHANESİ 17/04/2026 Bağış   FIC ÇET/D 25127 17/04/2026 17/04/2026 Kitap